000 00326nam a22001337a 4500
008 171123b xxu||||| |||| 00| 0 eng d
020 _a0801647762
041 _aeng
080 _24 ED
_a617
100 _a8
101 _aOFT
245 _aTHE OPHALMIC ASSISTANT FUNDAMNETALS CLINICAL PRACTICE
_cSLAT.S
942 _2udc
_cBK
999 _c38326
_d38326